000 01026nam a2200229Ia 4500
999 _c38817
_d38817
001 5206
003 GE_BSU
005 20190501114312.0
008 181216s1988||||ge |||||||||||||| ||geo||
040 _cGE_BSU
041 _ageo
080 _a69.035.4(075.8) + 624.1 ხ-94
100 _aხუროშვილი, ვ.
_9570
245 _aმიწისქვეშა ნაგებობათა კომპლექსები :
_bსახელმძღვ. /
_cვ. ხუროშვილი, დ. ბეჭვაია ; რედ. ე. გიორგაძე.
264 _aთბილისი :
_bსპი ;
_c1988.
300 _a68 გვ. :
_bილ. ;
_c20 სმ.
504 _aბიბლიოგრ. : გვ.66.
653 _aმიწისქვეშა ნაგებობათა კომპლექსები
700 _aბეჭვაია, დ.
_eავტორი
_9571
700 _aგიორგაძე, ე.
_eრედაქტორი
_9398
942 _cBK
_2udc